00538 a2200169 4500010001400000020002300014035001300037037001600050082000800066100002400074245008000098260004000178270005100218300002700269490005100296500002100347 aENG-89955 a8188769247c700.00 aEN-73488 bDBAD / PUB14a2401 aBloomfield, Maurice1 aThe life and stories of the Jaina Savior Parsvanathacby Maurice Bloomfield aMumbaibHindi Granth Karyalayc2007 a9, Hirabaug C.P. Tank,bMumabicMumbaie400004 ax, 254p.c22 cm (Hb ) aPandit Nathuram Premi research series; vol.15 aIncludes index